| 000 | 00000nam##2200000za#4500 |
| 001 | 9.666549 |
| 003 | CaOODSP |
| 005 | 20210615122931 |
| 007 | ta |
| 008 | 150407|2005||||xxc||||| f|0| 0 eng|d |
| 040 | |aCaOODSP|beng |
| 041 | |aeng |
| 041 | |afre |
| 043 | |an-cn--- |
| 086 | 1 |aFR4-7/2005 |
| 110 | 1 |aCanada.|bForeign Affairs Canada. |
| 245 | 10|aCanada's international policy statement : |ba role of pride and influence in the world |
| 260 | |aOttawa - Ontario : |bForeign Affairs Canada |c2005. |
| 300 | |aIn 5 volumes. |
| 500 | |aCommerce.--Defence.--Development.--Diplomacy.--Overview. |
| 563 | |aKit |
| 590 | |a05-20|b2005-05-20 |
| 690 | 07|aGovernment policy|2gcpds |
| 792 | |tÉnoncé de politique internationale du Canada : |efre|w(CaOODSP)9.666550 |